[Event "2017"]
[Site "Bastia"]
[Date "2017.10.21"]
[Round "1.2"]
[White "Massoni, Michael"]
[Black "Dreev, Aleksey"]
[Result "0-1"]
[BlackElo "2652"]
[WhiteElo "2352"]
[LiveChessVersion "1.4.6"]

1. e4 {[%clk 1:30:56]} c6 {[%clk 1:30:17]} 2. Nc3 {[%clk 1:30:55]} d5
{[%clk 1:30:41]} 3. Nf3 {[%clk 1:30:58]} Bg4 {[%clk 1:31:02]} 4. h3
{[%clk 1:30:24]} Bxf3 {[%clk 1:31:26]} 5. Qxf3 {[%clk 1:30:47]} e6
{[%clk 1:31:54]} 6. g3 {[%clk 1:26:48]} Nf6 {[%clk 1:28:06]} 7. Bg2
{[%clk 1:24:19]} Bb4 {[%clk 1:26:50]} 8. O-O {[%clk 1:15:22]} O-O
{[%clk 1:25:14]} 9. d3 {[%clk 1:11:40]} Nbd7 {[%clk 1:22:10]} 10. a3
{[%clk 1:05:46]} Bxc3 {[%clk 1:20:30]} 11. bxc3 {[%clk 1:06:08]} dxe4
{[%clk 1:20:45]} 12. dxe4 {[%clk 1:06:20]} Qa5 {[%clk 1:20:22]} 13. g4
{[%clk 0:59:23]} Nc5 {[%clk 1:15:49]} 14. Qe3 {[%clk 0:51:52]} e5
{[%clk 1:12:10]} 15. f4 {[%clk 0:47:57]} exf4 {[%clk 1:08:32]} 16. Rxf4
{[%clk 0:47:26]} Rae8 {[%clk 1:03:12]} 17. c4 {[%clk 0:45:18]} Nfd7
{[%clk 0:55:42]} 18. Rf5 {[%clk 0:35:18]} Qb6 {[%clk 0:50:24]} 19. a4
{[%clk 0:26:02]} Nxe4 {[%clk 0:47:15]} 20. Qxb6 {[%clk 0:26:05]} axb6
{[%clk 0:46:31]} 21. Ba3 {[%clk 0:26:23]} Nec5 {[%clk 0:46:05]} 22. Rb1
{[%clk 0:23:48]} g6 {[%clk 0:44:14]} 23. Rxc5 {[%clk 0:14:36]} Nxc5
{[%clk 0:42:48]} 24. Rxb6 {[%clk 0:14:58]} Re5 {[%clk 0:39:57]} 25. Bxc5
{[%clk 0:12:58]} Rxc5 {[%clk 0:40:20]} 26. Rxb7 {[%clk 0:13:23]} Rd8
{[%clk 0:27:37]} 27. Rc7 {[%clk 0:12:16]} Rd1+ {[%clk 0:25:36]} 28. Kh2
{[%clk 0:12:35]} Rd2 {[%clk 0:25:03]} 0-1

[Event "2017"]
[Site "Bastia"]
[Date "2017.10.21"]
[Round "1.3"]
[White "Onischuk, Vladimir"]
[Black "Chu, Wei Chao"]
[Result "1-0"]
[BlackElo "2340"]
[WhiteElo "2623"]
[LiveChessVersion "1.4.6"]

1. e4 {[%clk 1:30:48]} c5 {[%clk 1:30:56]} 2. Nf3 {[%clk 1:31:09]} Nc6
{[%clk 1:31:20]} 3. Bb5 {[%clk 1:31:28]} g6 {[%clk 1:31:32]} 4. Bxc6
{[%clk 1:30:44]} bxc6 {[%clk 1:31:19]} 5. O-O {[%clk 1:30:55]} Bg7
{[%clk 1:31:44]} 6. Re1 {[%clk 1:30:39]} Nh6 {[%clk 1:31:27]} 7. c3
{[%clk 1:29:44]} O-O {[%clk 1:31:43]} 8. d4 {[%clk 1:29:41]} cxd4
{[%clk 1:31:52]} 9. cxd4 {[%clk 1:30:06]} d5 {[%clk 1:32:18]} 10. e5
{[%clk 1:29:00]} f6 {[%clk 1:32:37]} 11. e6 {[%clk 1:27:51]} Qd6 {[%clk 1:21:44]}
12. Qe2 {[%clk 1:25:57]} a5 {[%clk 1:21:21]} 13. b3 {[%clk 1:20:06]} Nf5
{[%clk 1:20:59]} 14. Ba3 {[%clk 1:10:37]} Qf4 {[%clk 1:20:54]} 15. Nc3
{[%clk 1:10:33]} Nxd4 {[%clk 1:17:57]} 16. Nxd4 {[%clk 1:10:57]} Qxd4
{[%clk 1:18:24]} 17. Qc2 {[%clk 1:09:23]} f5 {[%clk 1:00:30]} 18. Na4
{[%clk 1:01:14]} Qh4 {[%clk 1:00:49]} 19. Bb2 {[%clk 0:29:40]} Bxb2
{[%clk 0:40:35]} 20. Qxb2 {[%clk 0:30:04]} Qf6 {[%clk 0:40:57]} 21. Qe2
{[%clk 0:29:22]} f4 {[%clk 0:39:50]} 22. Rac1 {[%clk 0:27:00]} f3
{[%clk 0:20:36]} 23. Qxf3 {[%clk 0:26:07]} Qxf3 {[%clk 0:20:59]} 24. gxf3
{[%clk 0:26:33]} Ra6 {[%clk 0:21:25]} 25. Kg2 {[%clk 0:26:00]} Kg7
{[%clk 0:21:18]} 26. h4 {[%clk 0:22:48]} Kf6 {[%clk 0:18:54]} 27. f4
{[%clk 0:20:42]} Rd8 {[%clk 0:19:18]} 28. Re5 {[%clk 0:17:09]} Rd6
{[%clk 0:19:18]} 29. Nc5 {[%clk 0:16:14]} Rb6 {[%clk 0:11:37]} 30. Kg3
{[%clk 0:16:05]} Rb4 {[%clk 0:12:00]} 31. a3 {[%clk 0:14:42]} Rd4
{[%clk 0:10:55]} 32. Re2 {[%clk 0:13:15]} Bxe6 {[%clk 0:07:06]} 33. Rce1
{[%clk 0:12:46]} Bf7 {[%clk 0:07:01]} 34. Rxe7 {[%clk 0:12:49]} Rd2
{[%clk 0:07:09]} 35. Rc7 {[%clk 0:10:19]} Be6 {[%clk 0:07:12]} 36. b4
{[%clk 0:03:16]} Rc2 {[%clk 0:07:36]} 37. Re3 {[%clk 0:02:11]} h5
{[%clk 0:06:08]} 38. Ra7 {[%clk 0:01:26]} axb4 {[%clk 0:05:53]} 39. axb4
{[%clk 0:01:53]} Rc4 {[%clk 0:06:19]} 40. Rb7 {[%clk 0:02:03]} Bc8
{[%clk 0:04:18]} 41. Rh7 {[%clk 0:01:28]} Be6 {[%clk 0:04:36]} 42. Ra3
{[%clk 0:01:01]} Rxb4 {[%clk 0:02:53]} 43. Ra8 {[%clk 0:01:14]} g5
{[%clk 0:02:32]} 44. hxg5+ {[%clk 0:01:28]} 1-0

[Event "2017"]
[Site "Bastia"]
[Date "2017.10.21"]
[Round "1.4"]
[White "Tomasi, Albert"]
[Black "Zubov, Alexander"]
[Result "0-1"]
[BlackElo "2623"]
[WhiteElo "2324"]
[LiveChessVersion "1.4.6"]

1. e4 {[%clk 1:30:50]} Nc6 {[%clk 1:30:51]} 2. Nf3 {[%clk 1:30:14]} d6
{[%clk 1:31:15]} 3. d4 {[%clk 1:29:57]} Nf6 {[%clk 1:31:40]} 4. Nc3
{[%clk 1:30:19]} g6 {[%clk 1:32:01]} 5. Bg5 {[%clk 1:26:24]} Bg7 {[%clk 1:32:21]}
6. e5 {[%clk 1:24:43]} Nd7 {[%clk 1:29:49]} 7. exd6 {[%clk 1:20:29]} cxd6
{[%clk 1:29:58]} 8. Qd2 {[%clk 1:20:42]} h6 {[%clk 1:29:37]} 9. Bh4
{[%clk 1:18:26]} Nf6 {[%clk 1:29:55]} 10. d5 {[%clk 1:16:30]} Nb4
{[%clk 1:30:05]} 11. Bb5+ {[%clk 1:11:05]} Bd7 {[%clk 1:30:01]} 12. Bxd7+
{[%clk 1:10:57]} Qxd7 {[%clk 1:30:03]} 13. a3 {[%clk 1:09:19]} Na6
{[%clk 1:30:14]} 14. O-O {[%clk 1:09:32]} O-O {[%clk 1:30:10]} 15. Rfe1
{[%clk 1:09:00]} Nc7 {[%clk 1:24:41]} 16. Re2 {[%clk 0:58:48]} b5
{[%clk 1:21:54]} 17. Rae1 {[%clk 0:58:48]} Rfe8 {[%clk 1:22:12]} 18. Nd4
{[%clk 0:55:26]} g5 {[%clk 1:15:07]} 19. Bg3 {[%clk 0:45:00]} Nfxd5
{[%clk 1:13:19]} 20. Ndxb5 {[%clk 0:37:51]} Nxb5 {[%clk 1:13:24]} 21. Qxd5
{[%clk 0:34:45]} Bxc3 {[%clk 1:12:21]} 22. Rxe7 {[%clk 0:30:14]} Rxe7
{[%clk 1:12:35]} 23. Qxa8+ {[%clk 0:30:21]} Kg7 {[%clk 1:12:41]} 24. Rxe7
{[%clk 0:27:47]} Qxe7 {[%clk 1:13:03]} 25. h3 {[%clk 0:27:49]} Nd4
{[%clk 1:08:59]} 26. Kh2 {[%clk 0:24:49]} Bxb2 {[%clk 1:08:37]} 27. Qd5
{[%clk 0:22:03]} Qe6 {[%clk 1:08:01]} 0-1

[Event "2017"]
[Site "Bastia"]
[Date "2017.10.21"]
[Round "1.5"]
[White "Jumabayev, Rinat"]
[Black "Calistri, Tristan"]
[Result "1-0"]
[BlackElo "2302"]
[WhiteElo "2603"]
[LiveChessVersion "1.4.6"]

1. Nf3 {[%clk 1:30:43]} Nf6 {[%clk 1:30:54]} 2. g3 {[%clk 1:31:10]} g6
{[%clk 1:31:18]} 3. d4 {[%clk 1:31:29]} Bg7 {[%clk 1:31:38]} 4. c4
{[%clk 1:31:56]} O-O {[%clk 1:31:48]} 5. Bg2 {[%clk 1:32:23]} d6 {[%clk 1:32:13]}
6. Nc3 {[%clk 1:32:42]} c6 {[%clk 1:32:27]} 7. O-O {[%clk 1:33:06]} Qa5
{[%clk 1:32:53]} 8. h3 {[%clk 1:27:48]} e5 {[%clk 1:33:06]} 9. dxe5
{[%clk 1:24:22]} dxe5 {[%clk 1:33:27]} 10. Qc2 {[%clk 1:24:45]} Be6
{[%clk 1:27:05]} 11. b3 {[%clk 1:24:42]} h6 {[%clk 1:27:29]} 12. a3
{[%clk 1:22:29]} Nbd7 {[%clk 1:23:10]} 13. e4 {[%clk 1:09:49]} Qd8
{[%clk 1:04:51]} 14. Rd1 {[%clk 1:07:53]} Ne8 {[%clk 0:57:00]} 15. a4
{[%clk 1:06:12]} f5 {[%clk 0:55:04]} 16. Nh4 {[%clk 1:04:37]} Qf6
{[%clk 0:52:51]} 17. Ba3 {[%clk 1:04:13]} Rf7 {[%clk 0:50:35]} 18. Nd5
{[%clk 1:03:33]} cxd5 {[%clk 0:45:29]} 19. cxd5 {[%clk 1:03:58]} Bxd5
{[%clk 0:31:24]} 20. Rxd5 {[%clk 1:03:56]} Nb6 {[%clk 0:31:38]} 21. Rd2
{[%clk 0:59:32]} Rc8 {[%clk 0:30:24]} 22. Qd1 {[%clk 0:58:51]} a5
{[%clk 0:30:28]} 23. Rc1 {[%clk 0:59:01]} Bf8 {[%clk 0:27:08]} 24. Rxc8
{[%clk 0:58:39]} Nxc8 {[%clk 0:27:32]} 25. Bxf8 {[%clk 0:58:53]} Kxf8
{[%clk 0:27:26]} 26. exf5 {[%clk 0:56:43]} gxf5 {[%clk 0:27:45]} 27. Rd5
{[%clk 0:57:04]} b6 {[%clk 0:21:08]} 28. Rxe5 {[%clk 0:57:23]} 1-0

[Event "2017"]
[Site "Bastia"]
[Date "2017.10.21"]
[Round "1.6"]
[White "Rajesh, V A V"]
[Black "Huschenbeth, Niclas"]
[Result "0-1"]
[BlackElo "2596"]
[WhiteElo "2298"]
[LiveChessVersion "1.4.6"]

1. d4 {[%clk 1:30:43]} d5 {[%clk 1:30:55]} 2. c4 {[%clk 1:31:06]} dxc4
{[%clk 1:31:22]} 3. Nf3 {[%clk 1:31:04]} a6 {[%clk 1:31:24]} 4. a4
{[%clk 1:29:39]} Nc6 {[%clk 1:31:34]} 5. e3 {[%clk 1:26:49]} e5 {[%clk 1:32:00]}
6. Bxc4 {[%clk 1:14:17]} e4 {[%clk 1:32:14]} 7. Nfd2 {[%clk 1:13:43]} Qg5
{[%clk 1:31:22]} 8. Nxe4 {[%clk 1:07:22]} Qxg2 {[%clk 1:31:48]} 9. Ng3
{[%clk 1:07:46]} Nf6 {[%clk 1:26:30]} 10. Bf1 {[%clk 1:02:09]} Qd5
{[%clk 1:26:56]} 11. Nc3 {[%clk 1:02:34]} Bb4 {[%clk 1:26:46]} 12. Bd2
{[%clk 1:01:37]} Qa5 {[%clk 1:25:57]} 13. Bg2 {[%clk 0:56:42]} Bd7
{[%clk 1:19:08]} 14. Nge4 {[%clk 0:51:00]} O-O-O {[%clk 1:11:35]} 15. Nxf6
{[%clk 0:46:38]} gxf6 {[%clk 1:11:55]} 16. Nd5 {[%clk 0:44:40]} Rhg8
{[%clk 0:56:59]} 17. Bf3 {[%clk 0:37:59]} Be6 {[%clk 0:53:21]} 18. Nxb4
{[%clk 0:30:49]} Nxb4 {[%clk 0:53:47]} 19. Bxb4 {[%clk 0:31:08]} Qxb4+
{[%clk 0:54:14]} 20. Qd2 {[%clk 0:31:28]} Qd6 {[%clk 0:53:29]} 21. Qc2
{[%clk 0:30:04]} Kb8 {[%clk 0:49:40]} 22. O-O-O {[%clk 0:26:26]} Rg5
{[%clk 0:45:13]} 23. Rd3 {[%clk 0:15:34]} Qb4 {[%clk 0:34:57]} 24. Rc3
{[%clk 0:13:02]} c6 {[%clk 0:30:07]} 25. h4 {[%clk 0:12:22]} Ra5 {[%clk 0:26:38]}
26. Ra3 {[%clk 0:11:01]} c5 {[%clk 0:15:36]} 27. d5 {[%clk 0:08:52]} Bd7
{[%clk 0:16:03]} 28. Qxh7 {[%clk 0:08:13]} Rxa4 {[%clk 0:14:47]} 29. Qd3
{[%clk 0:08:12]} Rxa3 {[%clk 0:07:24]} 30. Qxa3 {[%clk 0:05:08]} Qxa3
{[%clk 0:07:47]} 31. bxa3 {[%clk 0:05:32]} Rg8 {[%clk 0:06:11]} 32. h5
{[%clk 0:05:26]} Bf5 {[%clk 0:04:38]} 33. Rh4 {[%clk 0:04:01]} Bh7
{[%clk 0:03:48]} 34. e4 {[%clk 0:02:49]} Kc7 {[%clk 0:02:48]} 35. Rf4
{[%clk 0:03:05]} f5 {[%clk 0:03:15]} 36. exf5 {[%clk 0:01:57]} Kd6
{[%clk 0:03:20]} 37. f6 {[%clk 0:01:13]} b5 {[%clk 0:03:33]} 38. Be4
{[%clk 0:00:53]} Bxe4 {[%clk 0:02:11]} 39. Rxe4 {[%clk 0:01:19]} Rh8
{[%clk 0:01:39]} 40. Re7 {[%clk 0:01:24]} Rh7 {[%clk 0:00:47]} 41. Kd2
{[%clk 0:00:33]} Kxd5 {[%clk 0:01:02]} 42. Ra7 {[%clk 0:00:48]} Rxh5
{[%clk 0:01:14]} 43. Rxf7 {[%clk 0:01:12]} Rf5 {[%clk 0:01:20]} 44. Ke3
{[%clk 0:01:33]} a5 {[%clk 0:00:47]} 45. Ra7 {[%clk 0:01:04]} b4 {[%clk 0:00:47]}
46. Rxa5 {[%clk 0:00:47]} b3 {[%clk 0:01:07]} 47. Rb5 {[%clk 0:01:04]} Kc4
{[%clk 0:01:12]} 48. Rb6 {[%clk 0:01:27]} Kc3 {[%clk 0:01:01]} 49. f4
{[%clk 0:01:40]} b2 {[%clk 0:01:10]} 50. Rb5 {[%clk 0:00:38]} c4 {[%clk 0:01:15]}
51. Rb4 {[%clk 0:00:34]} Rxf6 {[%clk 0:01:30]} 52. Ke4 {[%clk 0:00:50]} Ra6
{[%clk 0:01:35]} 53. Kd5 {[%clk 0:00:42]} Ra5+ {[%clk 0:02:02]} 54. Kc6
{[%clk 0:01:08]} Rxa3 {[%clk 0:02:28]} 0-1

[Event "2017"]
[Site "Bastia"]
[Date "2017.10.21"]
[Round "1.7"]
[White "Lagarde, Maxime"]
[Black "Prithu Gupta"]
[Result "1/2-1/2"]
[BlackElo "2287"]
[WhiteElo "2594"]
[LiveChessVersion "1.4.6"]

1. e4 {[%clk 1:30:56]} e5 {[%clk 1:30:49]} 2. Nf3 {[%clk 1:31:20]} Nc6
{[%clk 1:31:12]} 3. Bb5 {[%clk 1:31:47]} a6 {[%clk 1:31:36]} 4. Ba4
{[%clk 1:32:13]} Nf6 {[%clk 1:31:59]} 5. d3 {[%clk 1:32:05]} d6 {[%clk 1:32:20]}
6. c3 {[%clk 1:32:21]} g6 {[%clk 1:32:24]} 7. O-O {[%clk 1:32:17]} Bg7
{[%clk 1:32:47]} 8. Re1 {[%clk 1:32:35]} O-O {[%clk 1:33:06]} 9. Nbd2
{[%clk 1:32:46]} b5 {[%clk 1:32:17]} 10. Bb3 {[%clk 1:32:46]} Na5
{[%clk 1:32:17]} 11. Bc2 {[%clk 1:32:46]} c5 {[%clk 1:32:17]} 12. Nf1
{[%clk 1:32:46]} h6 {[%clk 1:32:17]} 13. h3 {[%clk 1:32:46]} Nh5 {[%clk 1:32:17]}
14. Be3 {[%clk 1:32:46]} Be6 {[%clk 1:32:17]} 15. a3 {[%clk 1:32:46]} Qf6
{[%clk 1:32:17]} 16. N1h2 {[%clk 1:32:46]} Nf4 {[%clk 1:32:17]} 17. b4
{[%clk 1:32:46]} cxb4 {[%clk 1:12:50]} 18. axb4 Nc6 19. d4 {[%clk 0:52:33]} exd4
{[%clk 1:03:33]} 20. cxd4 {[%clk 0:51:23]} Nxb4 {[%clk 0:52:58]} 21. e5
{[%clk 0:45:17]} dxe5 {[%clk 0:51:49]} 22. dxe5 {[%clk 0:45:43]} Nxh3+
{[%clk 0:50:38]} 23. gxh3 {[%clk 0:45:26]} Qe7 {[%clk 0:51:00]} 24. Ng4
{[%clk 0:38:32]} Rfd8 {[%clk 0:47:41]} 25. Qb1 {[%clk 0:38:10]} Nxc2
{[%clk 0:40:03]} 26. Qxc2 {[%clk 0:38:28]} Rac8 {[%clk 0:31:26]} 27. Qe2
{[%clk 0:35:47]} Bxg4 {[%clk 0:30:40]} 28. hxg4 {[%clk 0:36:11]} Qe6
{[%clk 0:30:53]} 29. Bf4 {[%clk 0:31:13]} Qxg4+ {[%clk 0:28:47]} 30. Bg3
{[%clk 0:31:37]} Rc3 {[%clk 0:26:43]} 31. Nh2 {[%clk 0:30:42]} Qe6
{[%clk 0:19:20]} 32. Rad1 {[%clk 0:28:13]} Rxd1 {[%clk 0:19:07]} 33. Rxd1 h5
{[%clk 0:18:09]} 34. Rd6 {[%clk 0:27:01]} Qh3 {[%clk 0:13:12]} 35. e6
{[%clk 0:20:17]} fxe6 {[%clk 0:11:23]} 36. Rd8+ {[%clk 0:17:15]} Kh7
{[%clk 0:10:10]} 37. Rd7 {[%clk 0:17:25]} Rc1+ {[%clk 0:09:39]} 38. Nf1
{[%clk 0:17:33]} Kh8 {[%clk 0:08:19]} 39. Rd8+ {[%clk 0:08:11]} Kh7
{[%clk 0:08:40]} 40. Rd7 {[%clk 0:06:16]} Kh8 {[%clk 0:09:02]} 41. Re7
{[%clk 0:05:49]} h4 {[%clk 0:04:22]} 1/2-1/2

[Event "2017"]
[Site "Bastia"]
[Date "2017.10.21"]
[Round "1.8"]
[White "Kulkarni, Rakesh"]
[Black "Tregubov, Pavel V."]
[Result "1/2-1/2"]
[BlackElo "2589"]
[WhiteElo "2281"]
[LiveChessVersion "1.4.6"]

1. e4 {[%clk 1:30:52]} c5 {[%clk 1:30:52]} 2. c3 {[%clk 1:31:14]} d6
{[%clk 1:29:47]} 3. d4 {[%clk 1:31:34]} Nf6 {[%clk 1:30:10]} 4. Bd3
{[%clk 1:31:41]} g6 {[%clk 1:30:34]} 5. Nf3 {[%clk 1:31:51]} Bg7 {[%clk 1:30:57]}
6. O-O {[%clk 1:31:18]} O-O {[%clk 1:31:22]} 7. h3 {[%clk 1:31:27]} d5
{[%clk 1:31:24]} 8. e5 {[%clk 1:24:13]} Ne4 {[%clk 1:31:47]} 9. Re1
{[%clk 1:16:25]} Bf5 {[%clk 1:28:57]} 10. Nh4 {[%clk 1:10:16]} Be6
{[%clk 1:05:43]} 11. c4 {[%clk 1:01:10]} f5 {[%clk 1:01:46]} 12. exf6
{[%clk 0:51:07]} Bxf6 {[%clk 0:59:04]} 13. Nf3 {[%clk 0:50:20]} Bxd4
{[%clk 0:55:09]} 14. Nxd4 {[%clk 0:46:38]} cxd4 {[%clk 0:55:29]} 15. Bxe4
{[%clk 0:45:33]} dxe4 {[%clk 0:55:52]} 16. Rxe4 {[%clk 0:45:58]} Bf5
{[%clk 0:53:53]} 17. Rxd4 {[%clk 0:46:07]} Qb6 {[%clk 0:54:13]} 18. c5
{[%clk 0:30:10]} Qxc5 {[%clk 0:49:16]} 19. Bh6 {[%clk 0:29:45]} Nc6
{[%clk 0:44:37]} 20. Qb3+ {[%clk 0:29:25]} Rf7 {[%clk 0:43:52]} 21. Rc4
{[%clk 0:24:16]} Qb6 {[%clk 0:36:50]} 22. Qxb6 {[%clk 0:22:42]} axb6
{[%clk 0:36:25]} 23. Nc3 {[%clk 0:23:08]} Bd3 {[%clk 0:26:41]} 24. Ra4
{[%clk 0:22:24]} Rd8 {[%clk 0:23:58]} 25. Rd1 {[%clk 0:22:23]} Rf6
{[%clk 0:20:23]} 26. Ne4 {[%clk 0:18:16]} Rf5 {[%clk 0:15:33]} 27. Ng5
{[%clk 0:18:25]} b5 {[%clk 0:15:01]} 28. Ra3 {[%clk 0:16:02]} Rfd5
{[%clk 0:14:18]} 29. Ne6 {[%clk 0:14:36]} b4 {[%clk 0:14:02]} 30. Ra4
{[%clk 0:08:39]} Ba6 {[%clk 0:12:39]} 31. Rxd5 {[%clk 0:07:04]} Rxd5
{[%clk 0:13:04]} 32. Nc7 {[%clk 0:06:05]} Rd1+ {[%clk 0:07:17]} 33. Kh2
{[%clk 0:06:33]} Bf1 {[%clk 0:05:50]} 34. Ra8+ {[%clk 0:03:41]} Rd8
{[%clk 0:06:14]} 35. Rxd8+ {[%clk 0:03:56]} Nxd8 {[%clk 0:06:39]} 36. Nd5
{[%clk 0:04:13]} Nc6 {[%clk 0:07:01]} 37. Bd2 {[%clk 0:04:38]} Bc4
{[%clk 0:07:08]} 38. Nxb4 {[%clk 0:05:02]} Nxb4 {[%clk 0:07:32]} 39. Bxb4
{[%clk 0:05:25]} Bxa2 {[%clk 0:07:56]} 40. Bxe7 {[%clk 0:05:53]} Kf7
{[%clk 0:08:14]} 41. Bb4 {[%clk 0:06:05]} h5 {[%clk 0:08:18]} 42. Kg3
{[%clk 0:06:31]} Bd5 {[%clk 0:08:32]} 43. f3 {[%clk 0:06:55]} Bc4
{[%clk 0:08:54]} 44. Kh4 {[%clk 0:07:19]} Bf1 {[%clk 0:09:12]} 45. g4
{[%clk 0:07:31]} hxg4 {[%clk 0:09:36]} 46. hxg4 {[%clk 0:07:49]} Be2
{[%clk 0:09:41]} 47. f4 {[%clk 0:08:09]} b5 {[%clk 0:10:00]} 48. Kg5
{[%clk 0:08:29]} Bd1 {[%clk 0:10:23]} 49. f5 {[%clk 0:08:55]} gxf5
{[%clk 0:10:50]} 50. gxf5 {[%clk 0:09:20]} Bc2 {[%clk 0:11:16]} 51. f6
{[%clk 0:09:33]} Bd3 {[%clk 0:11:42]} 52. Bc3 {[%clk 0:09:57]} Bc4
{[%clk 0:12:07]} 53. b3 {[%clk 0:10:08]} Bxb3 {[%clk 0:12:33]} 54. Kf4
{[%clk 0:10:36]} b4 {[%clk 0:12:55]} 55. Bxb4 {[%clk 0:11:04]} Kxf6
{[%clk 0:13:22]} 56. Ke4 Ke5+ 1/2-1/2

[Event "2017"]
[Site "Bastia"]
[Date "2017.10.21"]
[Round "2.2"]
[White "Dreev, Aleksey"]
[Black "Anurag, Mhamal"]
[Result "1-0"]
[BlackElo "2487"]
[WhiteElo "2652"]
[LiveChessVersion "1.4.6"]

1. d4 {[%clk 1:30:57]} Nf6 {[%clk 1:30:48]} 2. Nf3 {[%clk 1:31:12]} g6
{[%clk 1:30:55]} 3. g3 {[%clk 1:31:27]} Bg7 {[%clk 1:30:25]} 4. Bg2
{[%clk 1:31:49]} O-O {[%clk 1:30:40]} 5. O-O {[%clk 1:32:11]} d5 {[%clk 1:31:05]}
6. c4 {[%clk 1:32:29]} c6 {[%clk 1:31:32]} 7. Qb3 {[%clk 1:32:45]} Qb6
{[%clk 1:31:10]} 8. Nc3 {[%clk 1:32:46]} Rd8 {[%clk 1:29:28]} 9. Rd1
{[%clk 1:30:24]} Bf5 {[%clk 1:27:47]} 10. Ne1 {[%clk 1:30:45]} Be6
{[%clk 1:19:09]} 11. c5 {[%clk 1:27:34]} Qxb3 {[%clk 1:19:31]} 12. axb3
{[%clk 1:27:57]} Na6 {[%clk 1:08:43]} 13. Bf4 {[%clk 1:19:54]} Nd7
{[%clk 1:06:51]} 14. h3 {[%clk 1:04:26]} Rdc8 {[%clk 0:30:20]} 15. g4
{[%clk 1:00:42]} f6 {[%clk 0:30:06]} 16. Bg3 {[%clk 0:55:10]} Bf7
{[%clk 0:28:54]} 17. Nd3 {[%clk 0:46:20]} e5 {[%clk 0:26:24]} 18. e3
{[%clk 0:46:36]} Nc7 {[%clk 0:23:30]} 19. b4 {[%clk 0:44:39]} a6 {[%clk 0:20:51]}
20. Nc1 {[%clk 0:37:20]} Ne6 {[%clk 0:09:21]} 21. Nb3 {[%clk 0:32:22]} f5
{[%clk 0:09:21]} 22. Ne2 {[%clk 0:28:39]} fxg4 {[%clk 0:06:13]} 23. hxg4
{[%clk 0:28:55]} e4 {[%clk 0:03:58]} 24. Na5 {[%clk 0:26:19]} Ra7
{[%clk 0:03:52]} 25. Bh4 {[%clk 0:15:05]} Bf6 {[%clk 0:01:44]} 26. Bg3
{[%clk 0:14:47]} Bd8 {[%clk 0:00:58]} 27. Nf4 {[%clk 0:13:44]} Ng5
{[%clk 0:01:26]} 28. Kf1 {[%clk 0:11:28]} Nf6 {[%clk 0:01:23]} 29. Ke2
{[%clk 0:11:54]} Be8 {[%clk 0:00:34]} 30. Bh4 {[%clk 0:09:41]} h6
{[%clk 0:01:03]} 31. Rh1 {[%clk 0:08:48]} Bd7 {[%clk 0:00:40]} 32. Bxg5
{[%clk 0:07:16]} hxg5 {[%clk 0:01:09]} 33. Nxg6 {[%clk 0:07:40]} Bxg4+
{[%clk 0:01:31]} 34. Kd2 {[%clk 0:07:37]} Bf5 {[%clk 0:00:03]} 35. Ne5
{[%clk 0:07:35]} Bxa5 {[%clk 0:00:31]} 36. bxa5 {[%clk 0:07:40]} Rc7
{[%clk 0:00:32]} 37. Rag1 {[%clk 0:06:16]} Rg7 {[%clk 0:01:01]} 38. Rh6
{[%clk 0:05:36]} Nh7 {[%clk 0:01:00]} 39. Rgh1 {[%clk 0:03:47]} Ra8
{[%clk 0:01:27]} 40. Bh3 {[%clk 0:04:07]} Rf8 {[%clk 0:00:32]} 41. Bxf5
{[%clk 0:03:55]} Rxf5 {[%clk 0:00:36]} 42. Ng4 {[%clk 0:04:02]} Rf8
{[%clk 0:00:31]} 43. Ke2 {[%clk 0:04:07]} Re7 {[%clk 0:00:31]} 44. b4
{[%clk 0:03:58]} Rf3 {[%clk 0:00:37]} 45. b5 {[%clk 0:02:48]} cxb5
{[%clk 0:00:31]} 46. Rd6 {[%clk 0:03:13]} Nf8 {[%clk 0:00:31]} 47. Rxd5
{[%clk 0:03:19]} Ne6 {[%clk 0:01:00]} 48. Re5 {[%clk 0:03:37]} Kf8
{[%clk 0:01:03]} 49. Rh8+ {[%clk 0:03:14]} Kg7 {[%clk 0:01:28]} 50. Rh6
{[%clk 0:01:12]} Nxd4+ {[%clk 0:00:41]} 51. exd4 {[%clk 0:01:37]} Rxe5
{[%clk 0:01:10]} 52. dxe5 {[%clk 0:01:06]} Rf4 {[%clk 0:01:38]} 53. Rb6
{[%clk 0:01:16]} Rxg4 {[%clk 0:02:06]} 54. Rxb7+ {[%clk 0:01:27]} Kg6
{[%clk 0:02:22]} 55. Rb6+ {[%clk 0:00:57]} Kf5 {[%clk 0:02:12]} 56. e6
{[%clk 0:01:22]} e3 {[%clk 0:02:36]} 57. f3 {[%clk 0:00:58]} Rg2+
{[%clk 0:00:49]} 58. Kxe3 {[%clk 0:01:24]} Kf6 {[%clk 0:00:42]} 59. Rxa6
{[%clk 0:01:44]} Ra2 {[%clk 0:00:32]} 60. Kd4 {[%clk 0:00:56]} Rd2+
{[%clk 0:01:01]} 61. Ke4 {[%clk 0:00:59]} b4 {[%clk 0:00:33]} 62. Rb6
{[%clk 0:01:20]} Re2+ {[%clk 0:00:32]} 63. Kd5 {[%clk 0:01:22]} 1-0

[Event "2017"]
[Site "Bastia"]
[Date "2017.10.21"]
[Round "2.3"]
[White "Basso, Pier Luigi"]
[Black "Onischuk, Vladimir"]
[Result "0-1"]
[BlackElo "2623"]
[WhiteElo "2460"]
[LiveChessVersion "1.4.6"]

1. d4 {[%clk 1:30:57]} d6 {[%clk 1:30:39]} 2. g3 {[%clk 1:31:19]} g6
{[%clk 1:31:01]} 3. Bg2 {[%clk 1:31:44]} Bg7 {[%clk 1:31:24]} 4. Nf3
{[%clk 1:32:06]} Nf6 {[%clk 1:31:47]} 5. O-O {[%clk 1:32:29]} O-O
{[%clk 1:32:11]} 6. c4 {[%clk 1:31:16]} c6 {[%clk 1:32:13]} 7. Nc3
{[%clk 1:31:30]} a6 {[%clk 1:32:25]} 8. e4 {[%clk 1:30:51]} Bg4 {[%clk 1:32:42]}
9. h3 {[%clk 1:27:47]} Bxf3 {[%clk 1:32:41]} 10. Qxf3 {[%clk 1:27:10]} Nbd7
{[%clk 1:31:31]} 11. Rd1 {[%clk 1:20:03]} Qc7 {[%clk 1:28:58]} 12. Be3
{[%clk 1:16:18]} e5 {[%clk 1:22:35]} 13. Qe2 {[%clk 1:03:33]} h5 {[%clk 1:12:34]}
14. dxe5 {[%clk 0:53:47]} dxe5 {[%clk 1:12:02]} 15. c5 {[%clk 0:50:27]} Rfd8
{[%clk 1:11:11]} 16. Na4 {[%clk 0:41:29]} Rab8 {[%clk 1:02:39]} 17. b4
{[%clk 0:30:27]} Nf8 {[%clk 1:00:53]} 18. Rxd8 {[%clk 0:28:54]} Rxd8
{[%clk 1:00:55]} 19. Rd1 {[%clk 0:29:22]} Rxd1+ {[%clk 0:53:31]} 20. Qxd1
{[%clk 0:29:34]} Ne6 {[%clk 0:52:05]} 21. Nb6 {[%clk 0:25:03]} h4
{[%clk 0:45:14]} 22. Nc4 {[%clk 0:23:46]} hxg3 {[%clk 0:37:37]} 23. fxg3
{[%clk 0:24:13]} Nd4 {[%clk 0:37:12]} 24. Kh2 {[%clk 0:14:25]} Ne8
{[%clk 0:25:30]} 25. Qd3 {[%clk 0:11:35]} Qd7 {[%clk 0:18:20]} 26. Bxd4
{[%clk 0:08:51]} exd4 {[%clk 0:17:20]} 27. h4 {[%clk 0:08:16]} Qe7
{[%clk 0:16:27]} 28. e5 {[%clk 0:04:50]} Bxe5 {[%clk 0:16:39]} 29. Qe4
{[%clk 0:05:11]} Nf6 {[%clk 0:17:02]} 30. Qf3 {[%clk 0:05:03]} Bc7
{[%clk 0:17:07]} 31. a3 {[%clk 0:03:04]} Nh5 {[%clk 0:17:06]} 32. Qe4
{[%clk 0:03:06]} Bxg3+ {[%clk 0:16:33]} 33. Kg1 {[%clk 0:03:33]} Qf6
{[%clk 0:16:45]} 34. Bf3 {[%clk 0:03:44]} Nf4 {[%clk 0:15:46]} 35. Nd6
{[%clk 0:04:08]} d3 {[%clk 0:15:15]} 36. Bd1 {[%clk 0:01:41]} Ne2+
{[%clk 0:15:37]} 37. Kg2 {[%clk 0:01:57]} Qf2+ {[%clk 0:15:17]} 38. Kh3
{[%clk 0:02:26]} Bxd6 {[%clk 0:15:25]} 0-1